| 000 | 00563nam a2200193Ia 4500 | ||
|---|---|---|---|
| 003 | GCL | ||
| 008 | 140319s9999 xx 000 0 ara d | ||
| 040 |
_aGCL / _cGCL |
||
| 082 | 0 | 4 |
_a811.9 _bن ت |
| 100 | 1 | _aنزار امال صعب | |
| 245 | 1 | 0 |
_aتأتينى بكل لون / _cنزار امال صعب |
| 260 |
_a[S.N] : _bدار الحداثة للطباعة والنشر ، _c1994 |
||
| 300 | _a95 ص | ||
| 490 | _a | ||
| 650 | 0 | 4 | _aالشعر العربى |
| 650 | 0 | 4 | _aالادب العربى |
| 650 | 0 | 4 | _aالعصر الحديث |
| 942 |
_2ddc _cBK |
||
| 999 |
_c35736 _d35736 |
||